• 首页
  • 本馆介绍
  • 公告通知
  • 最新文献
  • 馆藏检索
  • 电子资源
  • 读者导购
  • 参考咨询
  • 我的图书馆
  • 登录
  • 详细信息显示
  • 放入我的书架
  • 预约/预借图书
  • 作者相关作品
  • 分类相关作品
  • 丛书相关作品
  • 出版社相关作品

书目信息

  • 表格格式
  • 工作单格式
  • 卡片格式
题名:
《碧岩録》複音词研究
    
 
作者: 张鹏丽 著
分册:  
出版信息: 广州   世界图书出版广东有限公司  2016
页数: 180页
开本: 24cm
丛书名: 中国语言学文库
单 册:
中图分类: H121
科图分类:
主题词:
电子资源:
ISBN: 978-7-5192-1899-7
000 01022oam2 2200265 450
001 012001004549
005 20140928162349.0
010    @a978-7-5192-1899-7@dCNY36.00
100    @a20170427d2016 em y0chiy50 ea
101 0  @achi
102    @aCN@b440000
105    @ay z 000yy
106    @ar
200 1  @a《碧岩録》複音词研究@9《bi yan lu 》fu yin ci yan jiu@dA study of polysyllabic words in blue cliff record@zeng@f张鹏丽著
210    @a广州@c世界图书出版广东有限公司@d2016
215    @a180页@d24cm
225 1  @a中国语言学文库@f邢福义总主编
330    @a本书重点研究《碧岩录》中的复音词结构、新词新义及复音虚词。唐宋时期已是复音虚词成熟的阶段,《碧岩录》中的复音词数量繁多,结构类型丰富。这些复音词与前代相比,既有继承,又有发展。
461  0 @12001 @a中国语言学文库
510 1  @aStudy of polysyllabic words in blue cliff record@zeng
610 0  @a《碧岩录》@x复音字@x研究
690    @aH121@v5
701  0 @a张鹏丽@9zhang peng li@4著
801  0 @aCN@b上海新华@c20180901
905    @b1166432-6@dH121@e199@f5
    
    《碧岩録》複音词研究=A study of polysyllabic words in blue cliff record/张鹏丽著.-广州:世界图书出版广东有限公司,2016
    180页;24cm.-(中国语言学文库/邢福义总主编)
    
    
    ISBN 978-7-5192-1899-7:CNY36.00
    本书重点研究《碧岩录》中的复音词结构、新词新义及复音虚词。唐宋时期已是复音虚词成熟的阶段,《碧岩录》中的复音词数量繁多,结构类型丰富。这些复音词与前代相比,既有继承,又有发展。
●
相关链接 在E读中查询图书 在五车中查询图书 在当当中查询图书 在豆瓣中查询图书


正题名:《碧岩録》複音词研究     索取号:H121/199         预约/预借

序号 登录号 条形码 馆藏地/架位号 状态 备注
1 1166432   211664322   第二样本阅览室/ [索取号:H121/199] 在馆    
2 1166433   211664331   第四借阅区/ [索取号:H121/199] 在馆    
3 1166434   211664340   第四借阅区/ [索取号:H121/199] 在馆    
4 1166435   211664359   第四借阅区/ [索取号:H121/199] 在馆    
5 1166436   211664368   密集书库-文学院/ [索取号:H121/199] 在馆    
唐山师范学院图书馆 欢迎您!
大连网信软件有限公司© 版权所有